| 000 | 01144cam a2200277 4500 | ||
|---|---|---|---|
| 001 | L129370 | ||
| 008 | 050414n2004 000 0 eng u | ||
| 020 | _a1860817203 | ||
| 035 | _a(Sirsi) u129370 | ||
| 041 | _aeng | ||
| 050 |
_a692.5 _c18 |
||
| 100 | _aWaterman, Anthony | ||
| 245 |
_aWhole life value _bsustainable design in the built environment |
||
| 260 |
_aWatford _bBRE _c2004 |
||
| 300 |
_a4p. _c30cm. |
||
| 350 | _a12 | ||
| 490 |
_aBRE Information Paper _v10/04 |
||
| 520 | _aOutlines the concept of Whole Life Value (WLV) and describes the WLV Framework - a web based tool that provides an integrated framework for the variety of design tools that deal with the issue of sustainability in the built environment. The WLV search engine is on the website: www.wlv.org.uk | ||
| 690 | _aBUILT ENVIRONMENT-SUSTAINABLE CONSTRUCTION | ||
| 700 | _aBourke, Kathryn | ||
| 710 |
_aUnited Kingdom _bDepartment of Trade and Industry |
||
| 710 |
_aUnited Kingdom _bOffice of the Deputy Prime Minister |
||
| 710 | _aBuilding Research Establishment | ||
| 856 |
_uhttps://www.wlv.org.uk _zView the WLV search engine ... |
||
| 942 | _n0 | ||
| 999 |
_c104160 _d104160 |
||